Drapeau de pays avec un Soleil - Image - Statistiques

Statistiques générales
  • Ce quiz a été pris 74 fois
  • Le résultat moyen est 12 sur 17
Statistiques - réponses
Par images Réponse % Correct
Japon
100%
Argentine
93%
Macédoine du Nord
93%
Kazakhstan
91%
Uruguay
91%
Bangladesh
90%
Philippines
78%
Kiribati
75%
Kirghizistan
72%
Antigua-et-Barbuda
69%
Taïwan
69%
Malawi
68%
Niger
66%
Népal
47%
Rwanda
26%
Namibie
25%
Équateur
4%
Aucun quiz correspondant
Distribution des résultats
% des personnes avec chaque résultat
Percentile par nombre de réponses
Votre historique - résultats
Vous n’avez pas pris ce quiz